Structured Cobol by Design Course 1

Enregistré dans:
Détails bibliographiques
Auteur principal: Stern, Nancy
Autres auteurs: Stern, Robert A.
Format: Livre
Langue:anglais
Publié: New York Wiley 1988
Édition:1. ed.
Tags: Ajouter un tag
Pas de tags, Soyez le premier à ajouter un tag!

MARC

LEADER 00000nam a2200000 4500
001 c025765
005 20221206134553.8
041 0 |a eng 
044 |a US 
245 1 0 |a Structured Cobol by Design  |b Course 1  |c Nancy Stern, Robert A. Stern 
250 |a 1. ed. 
264 1 |a New York  |b Wiley  |c 1988 
300 |a 664 s. 
100 1 |a Stern, Nancy 
700 1 |a Stern, Robert A.